| 000 | 00779cam a2200241 4500 | ||
|---|---|---|---|
| 008 | 000000n1999 000 0 eng u | ||
| 020 | _a1902771044 | ||
| 035 | _a(Sirsi) u105044 | ||
| 050 | _a711.52 | ||
| 100 |
_aDennison, E. Patricia _xEditor |
||
| 245 | _aConservation and change in historic towns : research directions for the future. | ||
| 260 |
_aYork _bCouncil for British Archaeology _c1999 |
||
| 300 | _axix, 234p. maps, ill. ; 30cm. | ||
| 350 | _a34.00 | ||
| 490 |
_aCBA Research Report _v122 |
||
| 650 | _aHISTORIC TOWNS | ||
| 650 | _aHISTORIC CITIES | ||
| 650 | _aLISTED BUILDINGS | ||
| 650 | _aCONSERVATION AREAS | ||
| 650 | _aHERITAGE ASSETS | ||
| 690 | _aBUILT ENVIRONMENT-BUILDING MAINTENANCE AND REFURBISHMENT-BUILDING CONSERVATION | ||
| 942 | _n0 | ||
| 999 |
_c100324 _d100324 |
||